000 00476nam a2200169 i 4500
001 60932
003 ES-MaACL
005 20230906164332.0
007 t|
008 031107s1959 sp ||||1| spa d
100 1 _aEstrugo, José M.
_948262
245 1 0 _aDatos y apuntes sobre los sefardíes /
_cJosé M. Estrugo.
260 _aMadrid :
_b[s.n.],
_c1959 (
_fC. Bermejo)
300 _a54 p. ;
_c25 cm.
650 0 4 _aSefardíes.
_917011
852 _aES-MaACL
_jC-18377
_bR.44979
999 _c60932
_d60932